Qui joue ? Isabelle Huppert ou Isabelle Adjani ? - Statistiques

Statistiques générales
  • Ce quiz a été pris 45 fois
  • Le résultat moyen est 45 sur 60
Statistiques - réponses
Hint Réponse % Correct
2001 - La Pianiste Isabelle Huppert
96%
2009 - La journée de la jupe Isabelle Adjani
93%
2012 - Amour Isabelle Huppert
93%
1983 - L'été meurtrier Isabelle Adjani
89%
1985 - Subway Isabelle Adjani
89%
1994 - La reine Margot Isabelle Adjani
89%
1975 - L'histoire d'Adèle H. Isabelle Adjani
89%
1974 - Les Valseuses Isabelle Huppert
89%
2020 - La Daronne Isabelle Huppert
89%
1990 - La Vengeance d'une femme Isabelle Huppert
89%
2016 - Elle Isabelle Huppert
89%
1978 - Violette Nozière Isabelle Huppert
89%
1988 - Camille Claudel Isabelle Adjani
85%
1976 - Le juge et l'assassin Isabelle Huppert
85%
1991 - Madame Bovary Isabelle Huppert
85%
1981 - Coup de torchon Isabelle Huppert
85%
2008 - Un barrage contre le Pacifique Isabelle Huppert
85%
2022 - Mascarade Isabelle Adjani
81%
1979 - Nosferatu, fantôme de la nuit Isabelle Adjani
81%
2023 - Wish, Asha et la bonne étoile Isabelle Adjani
81%
1972 - César et Rosalie Isabelle Huppert
81%
1980 - Loulou Isabelle Huppert
81%
2011 - Mon pire cauchemar Isabelle Huppert
81%
2004 - Ma mère Isabelle Huppert
81%
1977 - La Dentellière Isabelle Huppert
81%
1988 - Une affaire de femmes Isabelle Huppert
81%
2002 - Huit femmes Isabelle Huppert
81%
2003 - Bon voyage Isabelle Adjani
78%
1982 - Tout feu, tout flamme Isabelle Adjani
78%
1974 - La Gifle Isabelle Adjani
78%
2013 - La Religieuse Isabelle Huppert
78%
2017 - Happy end Isabelle Huppert
78%
1984 - La Garce Isabelle Huppert
78%
1994 - L'Inondation Isabelle Huppert
78%
2024 - Les gens d'à côté Isabelle Huppert
78%
1979 - Les soeurs Brontë Les deux
78%
1970 - Le Petit Bougnat Isabelle Adjani
74%
1981 - Clara et les chics types Isabelle Adjani
74%
1976 - Barocco Isabelle Adjani
74%
2023 - Mon crime Isabelle Huppert
74%
2000 - Saint-Cyr Isabelle Huppert
74%
1976 - Docteur Françoise Gailland Isabelle Huppert
74%
2014 - Sous les jupes des filles Isabelle Adjani
70%
1975 - Dupont Lajoie Isabelle Huppert
70%
2022 - Caravage Isabelle Huppert
70%
1998 - Paparazzi Isabelle Adjani
67%
2002 - La Repentie Isabelle Adjani
67%
2023 - Voleuses Isabelle Adjani
67%
2000 - La vie moderne Isabelle Huppert
67%
2010 - Mammuth Isabelle Adjani
63%
2002 - Adolphe Isabelle Adjani
63%
1983 - Coup de foudre Isabelle Huppert
63%
1981 - La dame aux camélias Isabelle Huppert
63%
2018 - Le monde est à toi Isabelle Adjani
59%
1975 - Rosebud Isabelle Huppert
56%
2012 - David et Madame Hansen Isabelle Adjani
52%
1977 - Violette et François Isabelle Adjani
52%
1997 - Les palmes de M. Schultz Isabelle Huppert
52%
1988 - Milan noir Isabelle Huppert
48%
1972 - Faustine et le bel été Les deux
7%
Aucun quiz correspondant
Distribution des résultats
% des personnes avec chaque résultat
Percentile par nombre de réponses
Votre historique - résultats
Vous n’avez pas pris ce quiz